[Event "Nordic Girls CC 2025 U13"]
[Site "Fredericia"]
[Date "2025.04.27"]
[Round "5.9"]
[White "Vesterbaek, Mathilde Rath"]
[Black "Zhu, Stella"]
[Result "1/2-1/2"]
[WhiteElo "1604"]
[BlackElo "1448"]
[EventDate "2025.04.25"]
[EventType "swiss"]
[EventRounds "5"]
[EventCountry "DEN"]
[SourceTitle "Live v. Kasper Jerwiarz"]

1. e4 e6 2. Nf3 d5 3. exd5 exd5 4. d4 Bd6 5. Nc3 Nf6 6. Bg5 c6 7. Be2 h6 8. Bh4 Bf5 9. O-O O-O 10. Re1 Nbd7 11. h3 Qc7 12. Bd3 Bxd3 13. Qxd3 Rfe8 14. a3 Rxe1+ 15. Rxe1 Re8 16. Rxe8+ Nxe8 17. Ne2 Nef6 18. Bg3 Ne4 19. Bxd6 Qxd6 20. Nc3 Qf4 21. Ne2 Qd6 22. Nd2 Ndf6 23. Ng3 Qf4 24. Ngxe4 Nxe4 25. Nxe4 Qxe4 26. Qxe4 dxe4 27. Kf1 f5 28. Ke2 Kf7 29. Ke3 g5 30. c4 Ke6 31. g4 b5 32. b3 bxc4 33. bxc4 a6 34. a4 a5 35. d5+ cxd5 36. cxd5+ Kxd5 37. gxf5 Ke5 38. f6 Kxf6 39. Kxe4 Ke6 40. Kd4 Kd6 41. Kc4 Kc6 42. Kd4 Kd6 43. Kc4 Kc6 44. Kd4 Kd6 1/2-1/2

[Event "Nordic Girls CC 2025 U13"]
[Site "Fredericia"]
[Date "2025.04.27"]
[Round "5.10"]
[White "Prokofieva, Alexandra"]
[Black "Andersen, Andrea Kildebjerg"]
[Result "1/2-1/2"]
[WhiteElo "1425"]
[BlackElo "1363"]
[EventDate "2025.04.25"]
[EventType "swiss"]
[EventRounds "5"]
[EventCountry "DEN"]
[SourceTitle "Live v. Kasper Jerwiarz"]

1. d4 d5 2. Nf3 Nf6 3. Bf4 Bg4 4. Nbd2 e6 5. h3 Bh5 6. e3 Ne4 7. Be2 Bd6 8. Bxd6 Qxd6 9. Nxe4 dxe4 10. Ne5 Bxe2 11. Qxe2 O-O 12. O-O Nc6 13. Ng4 f5 14. Nh2 e5 15. c3 exd4 16. cxd4 Ne7 17. f3 Qc6 18. Rac1 Qd5 19. b3 c6 20. Rf2 Rad8 21. Nf1 Rf6 22. Nd2 Rdf8 23. Rcf1 Ng6 24. Nc4 Nh4 25. Ne5 c5 26. Qb5 Rd8 27. fxe4 Qxe4 28. Qxc5 Qxe3 29. Qc4+ Kf8 30. Qc5+ 1/2-1/2

[Event "Nordic Girls CC 2025 U13"]
[Site "Fredericia"]
[Date "2025.04.27"]
[Round "5.11"]
[White "Morkore, Natasja"]
[Black "Sinding, Mille"]
[Result "0-1"]
[WhiteElo "1411"]
[BlackElo "1500"]
[EventDate "2025.04.25"]
[EventType "swiss"]
[EventRounds "5"]
[EventCountry "DEN"]
[SourceTitle "Live v. Kasper Jerwiarz"]

1. e4 d6 2. d4 Nf6 3. Bd3 g6 4. Nf3 Bg7 5. Bg5 O-O 6. O-O Nc6 7. Nc3 Bg4 8. Be2 a6 9. h3 Bxf3 10. Bxf3 Qd7 11. Re1 e5 12. dxe5 Nxe5 13. a3 Nc4 14. Rb1 c6 15. Qe2 b5 16. Red1 Rfe8 17. Bxf6 Bxf6 18. Qd3 Qe6 19. b3 Ne5 20. Qe3 Nxf3+ 21. Qxf3 Bg7 22. Re1 Qe5 23. Na2 Re6 24. Nb4 Qc5 25. Qe3 Bd4 26. Qe2 Rf6 27. Rf1 a5 28. Nd3 Qb6 29. a4 Re8 30. Kh1 d5 31. e5 Rfe6 32. f4 Kg7 33. Qg4 f5 34. Qg5 h6 35. Qg3 Be3 36. Rbe1 d4 37. Nc1 bxa4 38. bxa4 Qb2 39. Nb3 Qxc2 40. Nxa5 Bd2 41. Re2 d3 0-1

[Event "Nordic Girls CC 2025 U13"]
[Site "Fredericia"]
[Date "2025.04.27"]
[Round "5.12"]
[White "Skibina, Miroslava"]
[Black "Chatleh, Leen"]
[Result "0-1"]
[WhiteElo "1427"]
[BlackElo "1205"]
[EventDate "2025.04.25"]
[EventType "swiss"]
[EventRounds "5"]
[EventCountry "DEN"]
[SourceTitle "Live v. Kasper Jerwiarz"]

1. e4 e5 2. d4 exd4 3. Qxd4 Nc6 4. Qe3 Nf6 5. Nc3 d5 6. Nxd5 Nxd5 7. exd5+ Ne7 8. Bb5+ Bd7 9. Bxd7+ Qxd7 10. c4 c6 11. dxc6 Qxc6 12. Qf3 Qxf3 13. Nxf3 g6 14. O-O Bg7 15. Bg5 Bxb2 16. Rab1 Bg7 17. Rbe1 Bf8 18. Bxe7 Bxe7 19. Re2 Rd8 20. Rfe1 Rd7 21. Rd2 Rxd2 22. Nxd2 f5 23. g3 Kf7 24. Rb1 b6 25. Kf1 Bg5 26. f4 Rd8 27. fxg5 Rxd2 28. h4 Rxa2 29. Rc1 h5 30. gxh6 Kg8 31. Re1 a5 32. Re7 a4 33. Rg7+ Kh8 34. Rxg6 a3 35. Ke1 Rb2 36. Rd6 a2 37. Rd1 Rh2 38. Rd8+ Kh7 39. Rd7+ Kxh6 40. Rd6+ Kh5 41. Rxb6 a1=Q+ 42. Rb1 Qxb1# 0-1

[Event "Nordic Girls CC 2025 U13"]
[Site "Fredericia"]
[Date "2025.04.27"]
[Round "5.13"]
[White "Jensen, Melina Hjort Osterskov"]
[Black "Efimova, Paulina"]
[Result "0-1"]
[WhiteElo "1500"]
[BlackElo "1200"]
[EventDate "2025.04.25"]
[EventType "swiss"]
[EventRounds "5"]
[EventCountry "DEN"]
[SourceTitle "Live v. Kasper Jerwiarz"]

1. e4 c6 2. d4 d5 3. Nc3 dxe4 4. Nxe4 Bf5 5. Bd3 Qxd4 6. c3 Qe5 7. f3 Nf6 8. Qe2 Bxe4 9. Bxe4 Nxe4 10. Qxe4 Qxe4+ 11. fxe4 e6 12. Nf3 h6 13. Bf4 Nd7 14. Rd1 Nc5 15. e5 Rd8 16. O-O Nd3 17. Bc1 Bc5+ 18. Kh1 Nf2+ 0-1

[Event "Nordic Girls CC 2025 U13"]
[Site "Fredericia"]
[Date "2025.04.27"]
[Round "5.14"]
[White "Skytte, Amanda"]
[Black "Hagen, Vilje Bjerregaard"]
[Result "1-0"]
[WhiteElo "1335"]
[BlackElo "1200"]
[EventDate "2025.04.25"]
[EventType "swiss"]
[EventRounds "5"]
[EventCountry "DEN"]
[SourceTitle "Live v. Kasper Jerwiarz"]

1. e4 e5 2. Nf3 Nc6 3. Bc4 Be7 4. O-O Nf6 5. d4 exd4 6. Nxd4 d6 7. Nxc6 bxc6 8. Nc3 O-O 9. Bf4 Bg4 10. Qd2 Bh5 11. Rfe1 Qc8 12. Be2 Bxe2 13. Qxe2 d5 14. Qf3 Kh8 15. Qg3 Bd6 16. Bxd6 cxd6 17. exd5 cxd5 18. Ne2 Qe6 19. Nf4 Qc8 20. Rac1 Qa6 21. Ne2 Rfe8 22. Nd4 Re5 23. Rxe5 dxe5 24. Nf5 g6 25. Ne7 Rb8 26. b3 Rb4 27. Qxe5 Kg7 28. Nxd5 Re4 29. Qc3 Qa3 30. Qxf6+ Kh6 31. Rf1 Qa5 32. Ne7 Qd2 33. Ng8+ Kh5 34. Qf3+ Kg5 35. Qxe4 Qf4 36. Qd5+ Qf5 37. Qd8+ Kg4 38. Nh6+ Kf4 39. Nxf5 gxf5 40. Rd1 Kg4 41. g3 f4 42. Qd7+ Kh5 43. Rd5+ Kg6 44. Qg4+ Kh6 45. Rh5# 1-0

[Event "Nordic Girls CC 2025 U13"]
[Site "Fredericia"]
[Date "2025.04.27"]
[Round "5.15"]
[White "Jensen, Helena Egilstrod"]
[Black "Fleischer, Sofie Emilie Jilso"]
[Result "1-0"]
[WhiteElo "1331"]
[BlackElo "1200"]
[EventDate "2025.04.25"]
[EventType "swiss"]
[EventRounds "5"]
[EventCountry "DEN"]
[SourceTitle "Live v. Kasper Jerwiarz"]

1. e4 e5 2. Bc4 Nf6 3. Nf3 d6 4. Ng5 Be6 5. d3 h6 6. Nf3 Qe7 7. O-O Nbd7 8. Nc3 O-O-O 9. Be3 c5 10. Rb1 Kb8 11. b4 b6 12. bxc5 dxc5 13. Rb3 Rc8 14. Rb5 Ka8 15. Qc1 Rb8 16. Qa3 Qd8 17. Qa4 Qc7 18. Qb3 a6 19. Qa4 Rb7 20. Nd5 Qb8 21. Nxf6 Nxf6 22. Qxa6+ Ra7 23. Rxb6 Bd6 24. Qb5 Nd7 25. Rxb8+ Nxb8 26. Rb1 Rc8 27. Qb6 Rcc7 28. Qxb8# 1-0